000 01378nam a2200289Ia 4500
003 OSt
005 20210824120151.0
008 210310s2012 sp ad gr 000 0 spa d
020 _a9788446037330
040 _aCO-JMCR
_cCO-JMCR
041 0 _aspa
082 0 4 _a332.45 /
_bG873h
_223
100 1 _aGutiérrez, Eduardo,
_eautor
_927662
245 1 0 _aQué hacemos para debatir si es posible seguir con la moneda única o si no hay futuro para el euro /
_cEduardo Gutiérrez, Iván H. Ayala, Daniel Albarracín, [y otros 1].
260 _aEspaña :
_bAkal,
_c2012.
300 _a63 páginas :
_bilustraciones y gráficas en blanco y negro ;
_c22 cm.
490 _aAkal ;
_v3
504 _abibliografía : páginas 61-62.
505 0 _aEl Euro en la construcción de la UE. -- Crónica de una década con el Euro. -- Rigor Mortis, del sistema Euro.
520 0 _aQué hacemos para debatir si es posible seguir con una moneda única o si la salida a la crisis es abandonar el Euro. Pese q que el sistema monetario a entrado en una profunda crisis, y su supervivencia es puesta en duda por muchos.
650 1 4 _aLa política monetaria
_937524
650 2 4 _aPaíses de la Unión Europea
_939609
650 2 4 _aIntegración económica internacional
_97032
700 1 _aAyala, Iván H.,
_eautor
_939610
700 1 _aAlbarracín, Daniel,
_eautor
_939611
942 _2ddc
_cBK
999 _c12237
_d12237